000 00779nam a2200241 i 4500
001 91727
003 ES-MaACL
005 20250911062830.0
007 t|
008 050210s2004 sp ||||1| spa d
020 _a84-7522-561-6
080 _a821.134.2-14"19"
100 1 _aGuillén, Jorge,
_d1893-1984
_960765
245 1 0 _aAntología personal /
_cJorge Guillén.
260 _aMadrid :
_bVisor Libros,
_c2004.
300 _a33 p. ;
_c10 cm +
_e1 CD (poemas leídos por él mismo)
490 1 _aColección Visor de poesía ;
_v561
600 1 4 _aGuillén, Jorge,
_d1893-1984
_960765
830 0 _aColección Visor de poesía
_v561
_9177331
852 _aES-MaACL
_j2186-F-35
_bR.135049
_z. - Libro
852 _aES-MaACL
_jROT 2/1/11
_z. - CD-ROM
999 _c91727
_d91727